Objects with the Names of Human Body Parts - Statistics

General Stats
  • This quiz has been taken 140 times
    116 since last reset
  • The average score is 7 of 25
Answer Stats
Related Object Object % Correct
Clock/Watch Hands
77%
Clock/Watch Face
55%
Treasure Chest
52%
Table/Chair Legs
51%
Book Spine
50%
Needle Eye
49%
Hammer Head
46%
Corn Ear
45%
Hurricane Eye
45%
River Mouth
30%
Tropical Tree Palm
30%
Airplane Nose
21%
Macaroni Elbow
20%
Playing Cards Hearts
20%
Purple Flower Iris
19%
Cliff/Mountain Face
15%
Ruler Foot
14%
Road Shoulder
12%
3D Shape Face
11%
Playing Cards Face
11%
Gun Arms
10%
Hammer Nail
10%
Right Triangle Legs
7%
Video Thumbnail
2%
Gun Butt
1%
No matching quizzes found
Score Distribution
Percent of People with Each Score
Percentile by Number Answered
Your Score History
You have not taken this quiz since the last reset